Central Library OPAC University of Rajshahi

The peopling of ancient Egypt and the deciphering of Meroitic script : (Record no. 27524)

MARC details
000 -LEADER
fixed length control field 01475cam a22003252 4500
001 - CONTROL NUMBER
control field 27524
003 - CONTROL NUMBER IDENTIFIER
rucl marc code BD-RjUL
005 - DATE AND TIME OF LATEST TRANSACTION
control field 20211209051151.0
008 - FIXED-LENGTH DATA ELEMENTS--GENERAL INFORMATION
fixed length control field 140325s1978 fr b i100 0 eng
020 ## - INTERNATIONAL STANDARD BOOK NUMBER
International Standard Book Number 9231016059
035 ## - SYSTEM CONTROL NUMBER
System control number (BD-RjUL)27598
040 ## - CATALOGING SOURCE
Original cataloging agency DLC
Transcribing agency DLC
Modifying agency BD-RjUL
Language of cataloging eng
041 ## - LANGUAGE CODE
Language code of text/sound track or separate title eng
082 00 - DEWEY DECIMAL CLASSIFICATION NUMBER
Classification number 932
Author mark and year PEO 1978
111 2# - MAIN ENTRY--MEETING NAME
Meeting name or jurisdiction name as entry element Symposium on the Peopling of Ancient Egypt and the Deciphering of Meroitic Script
Date of meeting (1974 :
Location of meeting Cairo, Egypt)
9 (RLIN) 84558
245 14 - TITLE STATEMENT
Title The peopling of ancient Egypt and the deciphering of Meroitic script :
Remainder of title proceedings of the symposium held in Cairo from 28 January to 3 February 1974.
260 ## - PUBLICATION, DISTRIBUTION, ETC. (IMPRINT)
Place of publication, distribution, etc. Paris :
Name of publisher, distributor, etc. Unesco,
Date of publication, distribution, etc. 1978.
300 ## - PHYSICAL DESCRIPTION
Pagination 136 p. :
Size 24 cm.
490 0# - SERIES STATEMENT
Series statement The General history of Africa ;
Volume/sequential designation 1
500 ## - GENERAL NOTE
General note Originally published by UNESCO in 1978.
504 ## - BIBLIOGRAPHY, ETC. NOTE
Bibliography, etc Includes bibliographies.
505 2# - FORMATTED CONTENTS NOTE
Formatted contents note The peopling of ancient Egypt / Jean Vercouter -- The peopling of the Nile Valley south of the twenty-third parallel / Nicole Blanc -- The genetic linguistic relationship between Egyptian ... and modern Negro-African languages / Théophile Obenga -- The present position in the deciphering of Meroitic script / Jean Leclant.
650 #0 - SUBJECT ADDED ENTRY--TOPICAL TERM
Topical term or geographic name as entry element Egyptians
General subdivision Origin
-- Congresses.
9 (RLIN) 84541
Topical term or geographic name as entry element Prehistoric peoples
Geographic subdivision Egypt
Form subdivision Congresses.
9 (RLIN) 84542
Topical term or geographic name as entry element Inscriptions, Meroitic
General subdivision Congresses.
9 (RLIN) 84543
710 2# - ADDED ENTRY--CORPORATE NAME
Corporate name or jurisdiction name as entry element Unesco.
9 (RLIN) 84544
942 ## - ADDED ENTRY ELEMENTS (KOHA)
Source of classification or shelving scheme Dewey Decimal Classification
Koha item type Books
Holdings
Lost status Source of classification or shelving scheme Damaged status Not for loan Collection code Permanent Location Current Location Shelving location Date acquired Source of acquisition Total Checkouts Full call number Date last seen Copy number Koha item type
  Dewey Decimal Classification   Added to bundle Non-fiction Central Library, University of Rajshahi Central Library, University of Rajshahi Reading Room 06/05/1982 UNESCO   932 PEO 1978 25/03/2014 C-1 Books